=LDR 00000nam 2200000 4500 =001 INLIS000000000023520 =005 20130612122158 =008 ***********************************Ind** =035 ##$$0010-061300000023520 =041 ##$$a Ind =082 ##$$a 372.6 =090 ##$$a 372.4, Tan t =245 ##$$a Tangkas membaca dan menulis 1b untuk Sekolah Dasar kelas 1, Tim Bakti Guru =260 ##$$a 1994 $b Jakarta =300 ##$$a ix, 120 hlm, ilus, 25 cm =650 ##$$a Membaca dan Menulis =850 ##$$a NBPNMAT